The noble scholar, jurist, historian


 His Excellency Dr. Abdul Wahhab bin Ibrahim Abu Sulaiman, may Allah have mercy on him.


 He was born in Umm Al-Qura in the year 1356 AH.

تيسير الكريم الرحمن في تفسير كلام المنان / (Record no. 9055)

MARC details
000 -LEADER
fixed length control field 04212cam a2200421 i 4500
003 - CONTROL NUMBER IDENTIFIER
control field SA-RiAUC
005 - DATE AND TIME OF LATEST TRANSACTION
control field 20250617060613.0
008 - FIXED-LENGTH DATA ELEMENTS--GENERAL INFORMATION
fixed length control field 250615s2002 le g 000r0 ara c
020 ## - INTERNATIONAL STANDARD BOOK NUMBER
International Standard Book Number 9773000222
035 ## - SYSTEM CONTROL NUMBER
System control number 10202410676
040 ## - CATALOGING SOURCE
Original cataloging agency BAHA
Language of cataloging ara
Transcribing agency SA-RiAUC
Description conventions rda
050 #4 - LIBRARY OF CONGRESS CALL NUMBER
Item number .S23 2002
082 04 - DEWEY DECIMAL CLASSIFICATION NUMBER
Classification number 227.6
Item number ا ع ت
082 04 - DEWEY DECIMAL CLASSIFICATION NUMBER
Classification number 227.6
Assigning agency SA-RiAUC
082 04 - DEWEY DECIMAL CLASSIFICATION NUMBER
Classification number 227.6
Item number س ع ت‪
090 ## - LOCALLY ASSIGNED LC-TYPE CALL NUMBER (OCLC); LOCAL CALL NUMBER (RLIN)
Classification number (OCLC) (R) ; Classification number, CALL (RLIN) (NR) 227.6
Local cutter number (OCLC) ; Book number/undivided call number, CALL (RLIN) س ع ت‪
100 1# - MAIN ENTRY--PERSONAL NAME
Personal name السعدي، عبد الرحمن بن ناصر بن عبد الله،
Dates associated with a name 1307-1376 هجري
Relator term مؤلف.
245 10 - TITLE STATEMENT
Title تيسير الكريم الرحمن في تفسير كلام المنان /
Statement of responsibility, etc. تأليف عبد الرحمن بن ناصر السعدي ؛ قدم له عبد الله بن عبد العزيز بن عقيل، محمد الصالح العثيمين ؛ اعتنى به تحقيقا ومقابلة عبد الرحمن بن معلا اللويحق.
246 30 - VARYING FORM OF TITLE
Title proper/short title تفسير كلام المنان‪
250 ## - EDITION STATEMENT
Edition statement الطبعة الأولى.
264 #1 - PRODUCTION, PUBLICATION, DISTRIBUTION, MANUFACTURE, AND COPYRIGHT NOTICE
Place of production, publication, distribution, manufacture بيروت :
Name of producer, publisher, distributor, manufacturer مؤسسة الرسالة،
Date of production, publication, distribution, manufacture, or copyright notice 2002
300 ## - PHYSICAL DESCRIPTION
Extent 976 صفحة ؛
Dimensions 28 سم
336 ## - CONTENT TYPE
Content type term نص
Content type code txt
Source rdacontent
Materials specified كتاب
337 ## - MEDIA TYPE
Media type term بدون وسيط
Media type code n
Source rdamedia
338 ## - CARRIER TYPE
Carrier type term مجلد
Carrier type code nc
Source rdacarrier
630 27 - SUBJECT ADDED ENTRY--UNIFORM TITLE
Uniform title القرآن
General subdivision تفاسير حديثة
Source of heading or term aucut
700 1# - ADDED ENTRY--PERSONAL NAME
Personal name العقيل، عبد الله بن عبد العزيز بن عبد الله،
Dates associated with a name 1334-1432 هجري
Relator term مقدم.
700 1# - ADDED ENTRY--PERSONAL NAME
Personal name العثيمين، محمد بن صالح بن محمد،
Dates associated with a name 1347-1421 هجري
Relator term مقدم.
700 1# - ADDED ENTRY--PERSONAL NAME
Personal name اللويحق، عبد الرحمن بن معلا،
Dates associated with a name 1384 هجري-
Relator term محقق.
700 12 - ADDED ENTRY--PERSONAL NAME
Relationship information تحقيق لـ :
Personal name السعدي، عبد الرحمن بن ناصر بن عبد الله،
Dates associated with a name 1307-1376 هجري.
Title of a work تيسير الكريم الرحمن في تفسير كلام المنان
730 22 - ADDED ENTRY--UNIFORM TITLE
Uniform title القرآن
856 ## - ELECTRONIC LOCATION AND ACCESS
Uniform Resource Identifier <a href="http://saaid.net/book/open.php?cat=101&book=276">http://saaid.net/book/open.php?cat=101&book=276</a>
Link text External Link
Access method نرجو الانتباه لإمكانية وجود اختلاف في الطبعة أو الناشر بين البيانات على البوابة وما ستجده على الكتاب نظرا لمحدودية المعلومات المتاحة على الموقع الناشر للمادة.
Materials specified Please note that there may be a difference in the edition or publisher between the data on the portal and the book due to the limited information available on the publisher website for the material.
856 ## - ELECTRONIC LOCATION AND ACCESS
Uniform Resource Identifier <a href="http://www.saaid.net/book/8.zip">http://www.saaid.net/book/8.zip</a>
Link text Digital Copy
Access method نرجو الانتباه لإمكانية وجود اختلاف في الطبعة أو الناشر بين البيانات على البوابة وما ستجده على الكتاب نظرا لمحدودية المعلومات المتاحة على الموقع الناشر للمادة.
Materials specified Please note that there may be a difference in the edition or publisher between the data on the portal and the book due to the limited information available on the publisher website for the material.
856 ## - ELECTRONIC LOCATION AND ACCESS
Uniform Resource Identifier <a href="http://saaid.net/book/open.php?cat=101&book=276">http://saaid.net/book/open.php?cat=101&book=276</a>
Link text External Link
Access method نرجو الانتباه لإمكانية وجود اختلاف في الطبعة أو الناشر بين البيانات على البوابة وما ستجده على الكتاب نظرا لمحدودية المعلومات المتاحة على الموقع الناشر للمادة.‪
Materials specified Please note that there may be a difference in the edition or publisher between the data on the portal and the book due to the limited information available on the publisher website for the material.
856 ## - ELECTRONIC LOCATION AND ACCESS
Uniform Resource Identifier <a href="http://www.saaid.net/book/8.zip">http://www.saaid.net/book/8.zip</a>
Link text Digital Copy
Access method نرجو الانتباه لإمكانية وجود اختلاف في الطبعة أو الناشر بين البيانات على البوابة وما ستجده على الكتاب نظرا لمحدودية المعلومات المتاحة على الموقع الناشر للمادة.‪
Materials specified Please note that there may be a difference in the edition or publisher between the data on the portal and the book due to the limited information available on the publisher website for the material.
942 ## - ADDED ENTRY ELEMENTS (KOHA)
Source of classification or shelving scheme Dewey Decimal Classification
Koha item type Books
Suppress in OPAC No
949 ## - LOCAL PROCESSING INFORMATION (OCLC)
a SA-JeALM
d 250615
u osman123
n 1
Holdings
Withdrawn status Lost status Source of classification or shelving scheme Damaged status Not for loan Home library Current library Date acquired Total checkouts Full call number Barcode Date last seen Price effective from Koha item type
    Dewey Decimal Classification     DR AbdElwahab Library DR AbdElwahab Library 06/17/2025   227.6 س ع د 000014815 06/17/2025 06/17/2025 Books
    Dewey Decimal Classification     DR AbdElwahab Library DR AbdElwahab Library 07/06/2025   227.6 س ع د 000015586 07/06/2025 07/06/2025 Books